000
002380000a22000970004500
100
1
_a
Lazear, Roberto W.
245
1
0
_a
Parábola del ancla
300
_a
Vol. 10, Núm 50 (1998), Páginas 8-9
773
0
_t
Impacto Presbiteriano
942
_c
ANA
999
_c
51072
_d
51072